| 000 | 01538nam a2200229 a 4500 | ||
|---|---|---|---|
| 001 | 000044759 | ||
| 003 | OSt | ||
| 005 | 20230308115615.0 | ||
| 008 | 150109s2007 dr r 000 0 spa d | ||
| 040 |
_aDO-SdBNP _bspa _cBNPHU |
||
| 082 |
_a343.032 _bR426c |
||
| 110 | 1 |
_aRepública Dominicana. _bComisionado de Apoyo a la Reforma y Modernización de la Justicia _917179 |
|
| 240 | 1 | 0 | _a[Leyes, etc.] |
| 245 | 1 | 0 |
_aCompilación : _b"Leyes de familia de Cataluña, Bolivia, Buenos Aires, Venezuela, Chile, Costa Rica, Panamá, Ecuador, Honduras, Cuba y República Dominicana" / _ccoordinadores Margarita Cedeño de Fernández, Alejandro Moscoso Segarra ; compilación Rosa Fernández. |
| 260 |
_aSanto Domingo : _bDespacho de la Primera Dama, _bComisionado de Apoyo a la Reforma y Modernización de la Justicia, _c2007. |
||
| 300 |
_a445 p. ; _c28 cm. |
||
| 505 | 2 |
_aPresentación -- _tCódigo de familia de Cataluña, España "ley no. 9 del mes de Julio del año 1998 -- _tCódigo de familia de la República de Bolivia -- _tCódigo de familia de Cuba y sus modificaciones -- _tCódigo de familia de Panamá -- _tLey sobre el fuero familia de Buenos Aires Argentina -- _tLey de violencia contra la mujer y familia de Venezuela -- _tCódigo de familia de Ecuador -- _tCódigo de familia de Honduras -- _tLey del matrimonio de Chile -- |
|
| 590 | _aInventariado, 2019/BT | ||
| 700 | 1 |
_aRosa Fernández. _ecomp. _972769 |
|
| 710 | 1 | 2 |
_aRepública Dominicana. _bComisionado de Apoyo a la Reforma y Modernización de la Justicia _917179 |
| 942 |
_2ddc _cLBS1 |
||
| 999 |
_c44248 _d44248 |
||